Plain tales from the hills /

Bibliographic Details
Main Author: Kipling, Rudyard, 1865-1936
Other Authors: Norton, Charles Eliot, 1827-1908
Format: Book
Language:English
Published: Garden City, N.Y. : Doubleday, Page & Co. for Review of Reviews Co., [1899]
Edition:Rev. ed.

MARC

Tag First Indicator Second Indicator Subfields
LEADER 00000cam a2200000 a 4500
001 in00000009479
005 20151007051613.0
008 840326s1899 nyu 00010 eng
035 |a (OCoLC)10563243 
035 |9 AAA3847AM 
040 |a DLC  |c MOC  |d TXA  |d UtOrBLW 
049 |a TXAM  |c 1 [A09053447]  |a TXAS [kipl]  |c 2 
050 0 |a PR4854  |b .P53 1925b 
050 4 |a PR4854  |b .P65 1925b 
090 |a PR4854  |b .P6 1899b 
100 1 |a Kipling, Rudyard,  |d 1865-1936. 
245 1 0 |a Plain tales from the hills /  |c by Rudyard Kipling ; with a biographical sketch by Charles Eliot Norton. 
250 |a Rev. ed. 
264 1 |a Garden City, N.Y. :  |b Doubleday, Page & Co. for Review of Reviews Co.,  |c [1899] 
264 4 |c ©1899 
300 |a xx, 324 pages ;  |c 20 cm. 
336 |a text  |b txt  |2 rdacontent 
337 |a unmediated  |b n  |2 rdamedia 
338 |a volume  |b nc  |2 rdacarrier 
700 1 |a Norton, Charles Eliot,  |d 1827-1908. 
999 |a MARS 
999 f f |s b4ba33a8-b1cc-3200-ae3c-edbb28f2c317  |i 7dded9a2-b800-3636-b2ba-bd74848f6bba  |t 0 
952 f f |p normal  |a Texas A&M University  |b College Station  |c Sterling C. Evans Library  |d Evans: Library Stacks  |t 0  |e PR4854 .P65 1925b  |h Library of Congress classification  |i unmediated -- volume  |m A14809053447 
952 f f |p noncirc  |a Texas A&M University  |b College Station  |c Cushing Memorial Library & Archives  |d Cushing: Literature/Kipling (Does not check out)  |t 0  |e PR4854 .P6 1899b  |h Library of Congress classification  |i unmediated -- volume 
998 f f |a PR4854 .P6 1899b  |t 0  |l Cushing: Literature/Kipling (Does not check out) 
998 f f |a PR4854 .P65 1925b  |t 0  |l Evans: Library Stacks